00655nam a2200205 a 4500008004100000020001500041050001600056100001800072245009900090260003900189300001800228350000900246650001800255650006600273650004100339650001100380700002000391700002300411710001500434120416s1994 ||||||||||||||||| || u a0821326813 aHD 5852 Lab aHorton, Susan10aLabour markets in an era of adjustmentcedited by Susan Horton, Ravi Kanbur and Dipak Mazumdar aWashington, D.C.bWorld Bankc1994 a2 vols. : ill a0.00 aLABOUR MARKET aSTRUCTURAL ADJUSTMENT (ECONOMIC POLICY)--DEVELOPING COUNTRIES aLABOUR MARKETS--DEVELOPING COUNTRIES aLABOUR aMazumdar, Dipak aKanbur, S. M. Ravi aWorld Bank